| 000 | 00756nam a22002057a 4500 | ||
|---|---|---|---|
| 005 | 20091216140858.0 | ||
| 008 | 091215t xxu||||| |||| 00| 0 eng d | ||
| 020 |
_a9789832584971 _c185.00 |
||
| 037 | _bBlueberry Books | ||
| 040 |
_adpl _bEnglish |
||
| 082 | _aS | ||
| 245 |
_aBedtime favourite tales / _cedited by Bob Williams |
||
| 260 |
_aMalaysia _bKohwai & Young _c2002 |
||
| 270 |
_aNo. 12, Jalan Seri Sentosa 3, Taman Seri Sentosa, 6,5 Mile Jalan Klang Lama, _bMalaysia _e58000 |
||
| 300 |
_a73p.: _bcol. ill. _c24cm(Hb) |
||
| 700 | _aWilliams, Bob | ||
| 942 |
_2ddc _cCH _hS _mBED |
||
| 999 |
_c33008 _d33008 |
||